De l'habeas corpus (Record no. 158405)

MARC details
000 -LEADER
campo de control de longitud fija 01320nam a2200229 i 4500
001 - NÚMERO DE CONTROL
campo de control 158405
003 - IDENTIFICADOR DE NÚMERO DE CONTROL
campo de control ES-MaACL
005 - FECHA Y HORA DE LA ÚLTIMA TRANSACCIÓN
campo de control 20250719062543.0
008 - DATOS DE LONGITUD FIJA--INFORMACIÓN GENERAL
campo de control de longitud fija 040830s1884 fr |||| | fre d
100 1# - ENTRADA PRINCIPAL--NOMBRE DE PERSONA
Nombre de persona Mack, Edouard.
9 (RLIN) 129290
245 10 - MENCIÓN DEL TÍTULO
Título De l'habeas corpus
Resto del título : liberté provisoire, détention préventive : observations sur le projet de réforme du code d'instruction criminelle adopté par le Sénat : étude publiée dans Le Droit des 16, 17-18, 19 et 20 décembre 1883 /
Mención de responsabilidad, etc. par Edouard Mack.
260 ## - PUBLICACIÓN, DISTRIBUCIÓN, ETC.
Lugar de publicación, distribución, etc. Paris :
Nombre del editor, distribuidor, etc. Imp. et librairie générale de jurisprudence, Marchal, Billard et Cie.,
Fecha de publicación, distribución, etc. 1884.
300 ## - DESCRIPCIÓN FÍSICA
Extensión 34 p. ;
Dimensiones 22 cm.
594 ## - Nota al título y mención de responsabilidad
Nota al título y mención de responsabilidad Precede al tít.: Procédure pénale comparée.
650 #4 - PUNTO DE ACCESO ADICIONAL DE MATERIA--TÉRMINO DE MATERIA
Término de materia o nombre geográfico como elemento de entrada Habeas corpus.
9 (RLIN) 146371
650 #4 - PUNTO DE ACCESO ADICIONAL DE MATERIA--TÉRMINO DE MATERIA
Término de materia o nombre geográfico como elemento de entrada Derecho penal-
Subdivisión geográfica Francia.
9 (RLIN) 155135
852 ## - LOCALIZACIÓN
Ubicación ES-MaACL
Número de control de estantería D-84(1)
itemnumber 164290
Ubicación en estantería Sala Valle Inclán
Signatura antigua Olim: 193-C-10
Anotaciones manuscritas Anotación manuscrita en portada: "Folletos penitenciarios. Tomo 10"
Donativo/Legado Donación: Francisco Lastres y Juiz
Encuadernación Encuadernación holandesa
-- Encuadernación con otras obras formando un volumen facticio
Sublocalización o colección R.FOLL.4/1
Marcas de propiedad Sello en tinta en portada: "Dontivo del Sr. Lastres al Ateneo de Madrid 1907"
903 ## - NOMBRE PERSONAL DE DONANTE
a Lastres y Juiz, Francisco,
d 1848-1918
q 1
e Donante
9 70504
942 ## - ELEMENTOS DE ENTRADA SECUNDARIOS (KOHA)
Fuente del sistema de clasificación o colocación Clasificación decimal universal
Tipo de ítem Koha Folleto
Holdings
Estatus retirado Estado de pérdida Fuente del sistema de clasificación o colocación Estado de daño No para préstamo Colección Biblioteca de origen Biblioteca actual Ubicación en estantería Fecha de adquisición Fuente de adquisición Total de préstamos Signatura topográfica completa Código de barras Visto por última vez Precio de reemplazo Tipo de ítem Koha
    Clasificación decimal universal     Colección de folletos Biblioteca del Ateneo de Madrid Biblioteca del Ateneo de Madrid Sala Valle Inclán 17/01/2008 Donación   D-84(1) 901165790 23/02/2023 23/02/2023 Folleto